000
00290nam a2200109Ia 4500
008
190216s9999||||xx |||||||||||||| ||und||
100
_a
Sohrab R Davar
245
0
_a
Business Organisation And Industrial Management
260
_b
Himalaya Publishing House
_c
1969
300
_a
1394p
942
_c
BK
999
_c
3904
_d
3904